banner-ar

تاريخ الفرنجة غزات بيت المقدس / (Record no. 41398)

MARC details
000 -الفاتح
حقل البيانات ثابتة الطول 01257nam a2200301Ia 4500
005 - وقت وتاريخ اخر تعامل مع التسجيلة
رقم الضبط 20240530103640.0
008 - عناصر البيانات ثابتة الطول - معلومات عامة
حقل البيانات ثابتة الطول 140319s1990 ua 000 0 ara d
040 ## - مصدر الفهرسة
وكالة الفهرسة الأصلية GCL /
وكالة النسخ GCL
082 04 - رقم تصنيف ديوى العشرى
رقم التصنيف 940.18/
رقم المادة ر ت
100 1# - المدخل الرئيسى - إسم شخصى
الإسم الشخصى اجيل، ريمون
245 10 - بيان العنوان
العنوان تاريخ الفرنجة غزات بيت المقدس /
بيان المسئوليه,etc ريموندد اجيل ؛ نقلة الى الانجليزية مع مقدمة وهوامش جون هيوج هيل، لوريتال ل هيل ؛ نقلة الى العربية وعلق علية حسين محمد عطية ؛ تقديم جوزيف نسيم يوسف
250 ## - بيان الطبعة
بيان الطبعة ط1
260 ## - PUBLICATION, DISTRIBUTION, ETC. (IMPRINT)
تاريخ النشر أو التوزيع 1990.
300 ## - الوصف المادى
التعداد 297 ص
490 ## - بيان السلسلة
عنوان السلسلة مكتبة التاريخ الوسيط
رقم المجلد/ التعيين التسلسلي 0
650 04 - المدخل الاضافى بالموضوع-مصطلح موضوعى
مصطلح موضوعي تاريخ
650 04 - المدخل الاضافى بالموضوع-مصطلح موضوعى
مصطلح موضوعي الحروب الصليبية
650 04 - المدخل الاضافى بالموضوع-مصطلح موضوعى
مصطلح موضوعي فلسطين
650 04 - المدخل الاضافى بالموضوع-مصطلح موضوعى
مصطلح موضوعي الحروب الصليبية فى فلسطين والشام
650 04 - المدخل الاضافى بالموضوع-مصطلح موضوعى
مصطلح موضوعي العصور الوسطى
650 04 - المدخل الاضافى بالموضوع-مصطلح موضوعى
مصطلح موضوعي اوربا
700 0# - المدخل الاضافى - اسم شخصى
الإسم الشخصى حسين عطية
الدور مترجم
700 0# - المدخل الاضافى - اسم شخصى
الإسم الشخصى جوزيف نسيم يوسف
الدور مقدم
700 1# - المدخل الاضافى - اسم شخصى
الإسم الشخصى هيل، لوريتال ل
الدور مترجم
700 1# - المدخل الاضافى - اسم شخصى
الإسم الشخصى هيل، جون هيوج
الدور مترجم
942 ## - عناصر المدخل الإضافي( كوها)
مصدر التصنيف او مخطط الترفيف Dewey Decimal Classification
Koha [default] item type كتاب
260 ## - PUBLICATION, DISTRIBUTION, ETC. (IMPRINT)
-- القاهرة :
-- دار المعرفة الجامعية،
Holdings
حالة التراجع حالة الفقد حالة تلف ليس للاعارة المكان المؤقت الموقع الحالى تاريخ الاكتساب اجمالي اﻻعارات رقم الطلب الباركود تاريخ اخر مشاهدة تاريخ تفعيل السعر نوع وعاء كوها
        مكتبة القاهرة الكبرى مكتبة القاهرة الكبرى 03/26/2014   940.18\ر ت 99925 03/26/2014 03/26/2014 كتاب
        مكتبة القاهرة الكبرى مكتبة القاهرة الكبرى 03/26/2014   940.18\ر ت 99926 03/26/2014 03/26/2014 كتاب
        مكتبة القاهرة الكبرى مكتبة القاهرة الكبرى 03/26/2014   940.18\ر ت 99927 03/26/2014 03/26/2014 كتاب

Powered By

EGPV